000 01036nam a2200277Ia 4500
003 OSt
005 20221005111606.0
006 a|||||r|||| 00| 0
007 ta
008 221004b |||||||| |||| 00| 0 hin d
020 _a9788126317646 (hbk)
_c240
024 _a8001
037 _b252, 24/10/2013, Swaraj Prakashan
_cTextual
040 _aCRL
_cCRL
_bhin
041 _2hin
_ahin
082 _aO152,3N562,DN, Q1
100 _aअस्थाना, धीरेन्द्र
245 0 _aदेश निकाला
246 _aDesh nikālā
260 _aनई दिल्ली
_bभारतीय ज्ञानपीठ भारत
_c2011
300 _a124पृ0
_ccm.
490 _aलोकोदय ग्रन्थमाला; ग्रन्थांक 993
650 _aहिन्दी साहित्य
942 _hO152,3N562,DN, Q1
_cTEXL
_2cc
999 _c1022277
_d1022277